000 00672nam a2200229Ia 4500
003 OSt
005 20220926021812.0
006 a|||||r|||| 00| 0
007 ta
008 220923b |||||||| |||| 00| 0 eng d
037 _cGeneral Book
040 _aRTL
_cRTL
_beng
041 _2eng
_aeng
082 _aV1N45.93:3p, L8/UN
110 _aUNITED NATIONS
245 0 _aPlenary meetings
_b Ad loc committee on the ninth Special Session, 24 April-3May 1978.
260 _aNew York
_bUnited Nations
_c1978
300 _avii, 262p.
_ccm.
700 _aUNITED NATIONS
942 _hV1N45.93:3p, L8/UN
_cGB
_2CC
999 _c637705
_d637705